<?xml version="1.0" encoding="UTF-8"?>
<collection xmlns="http://www.loc.gov/MARC21/slim">
 <record>
  <leader>06251nam a2200349 a 4500</leader>
  <controlfield tag="001">kal5850</controlfield>
  <controlfield tag="003">Gr-AtHEAL</controlfield>
  <controlfield tag="005">20160422114154.0</controlfield>
  <controlfield tag="006">m        d        </controlfield>
  <controlfield tag="008">160413s2015    gr      s           gre|c</controlfield>
  <datafield tag="020" ind1=" " ind2=" ">
   <subfield code="a">9789606031670</subfield>
  </datafield>
  <datafield tag="040" ind1=" " ind2=" ">
   <subfield code="a">GR-AtHEAL</subfield>
   <subfield code="b">gre</subfield>
   <subfield code="c">GR-AtHEAL</subfield>
  </datafield>
  <datafield tag="082" ind1="0" ind2="4">
   <subfield code="a">729</subfield>
   <subfield code="2">23</subfield>
  </datafield>
  <datafield tag="100" ind1="1" ind2=" ">
   <subfield code="a">Σωτηροπούλου, Αλεξάνδρα.</subfield>
   <subfield code="8">1675</subfield>
  </datafield>
  <datafield tag="245" ind1="1" ind2="0">
   <subfield code="a">Ακουστικός σχεδιασμός αιθουσών ακροατηρίου</subfield>
   <subfield code="h">[Ηλεκτρονικός πόρος] </subfield>
   <subfield code="c">Σωτηροπούλου, Αλεξάνδρα ; Κριτικός αναγνώστης,Καμπουράκης, Γεώργιος ; Γραφιστική επιμέλεια,Μποζιονέλος, Γαβριήλ.</subfield>
  </datafield>
  <datafield tag="260" ind1=" " ind2=" ">
   <subfield code="a">Αθήνα :</subfield>
   <subfield code="b">Σύνδεσμος Ελληνικών Ακαδημαϊκών Βιβλιοθηκών,</subfield>
   <subfield code="c">c2015.</subfield>
  </datafield>
  <datafield tag="490" ind1=" " ind2=" ">
   <subfield code="a">Ακαδημαϊκά Ηλεκτρονικά Συγγράμματα και Βοηθήματα Κάλλιπος</subfield>
   <subfield code="8">40</subfield>
  </datafield>
  <datafield tag="520" ind1=" " ind2=" ">
   <subfield code="a">Μολονότι ο ήχος σα φυσικό φαινόμενο υπήρξε το αντικείμενο μελέτης ήδη από την εποχή των αρχαίων Ελλήνων κλασσικών, η εφαρμογή αυτή της γνώσης στο σχεδιασμό χώρων ακρόασης έγινε αντικείμενο επιστημονικής έρευνας μόλις στο τέλος του περασμένου αιώνα. Ακριβώς τότε που η ανάγκη για αναθεώρηση των κλασσικών μορφών της αρχιτεκτονικής υπαγορευμένη από το μοντέρνο κίνημα, προετοίμαζε το αρχιτέκτονα να καλωσορίσει τη γνώση και να αποχαιρετήσει πρόθυμα την πεπατημένη οδό, ήτοι την μέθοδο της αντιγραφής αιθουσών του παρελθόντος.Ο σκοπός του παρόντος συγγράμματος είναι να λάβουμε υπόψη τις αρχές σύμφωνα με τις οποίες ο ήχος συμπεριφέρεται στον αρχιτεκτονικό χώρο, να ερμηνεύσουμε την ακουστική ποιότητα στο χώρο όπως την αντιλαμβάνεται ο ακροατής με γνώμονα αυτή τη συμπεριφορά και τέλος να εμβαθύνουμε στην εφαρμογή αυτής της γνώσης στο σχεδιασμό αιθουσών συναυλιών, λυρικών θεάτρων κλπ.Η ύλη του συγγράμματος δομείται γύρω από έξι πυρήνες και προσεγγίζεται μέσα από μια σειρά εικόνων και παραδειγμάτων που ακολουθούν, έτσι ώστε να γίνει η ακουστική όσο γίνεται πιο εποπτική.Ο πρώτος πυρήνας είναι εισαγωγικός και ανατρέχει σε μερικά βασικά σημεία που αφορούν στο φυσικό φαινόμενο του ήχου και στην αντίληψη αυτού. Ο δεύτερος, μας εισάγει στον τρόπο που ο ήχος συμπεριφέρεται στον κλειστό χώρο και στις απαντήσεις κλειδιά που δίνει ο αρχιτεκτονικός σχεδιασμός ενόψει τις συμπεριφοράς αυτής.Ο τρίτος πυρήνας μας εισάγει στις αρχές σχεδιασμού μιας σύγχρονης αίθουσας για ομιλία, με στόχο να πορεύσουμε, ηνιοχώντας τη γνώση προς την “Επίδαυρο” του μέλλοντος. Μια ξενάγηση στο μαγικό κόσμο του τεχνολογικού μας πολιτισμού κάνει ο τέταρτος πυρήνας με στόχο να μας μυήσει στις αρχές σχεδιασμού των σύγχρονων αιθουσών συναυλιών, λυρικών θεάτρων κλπ.Ο πέμπτος πυρήνας θα μας μυήσει στο μυθικό κόσμο της συνολικής μεταβλητότητας του κελύφους ενός χώρου με υπερσύγχρονες τεχνολογίες.Τέλος, την καλπάζουσα εισβολή της σύγχρονης μουσικής δημιουργίας στο χώρο της αρχιτεκτονικής, πραγματεύεται ο έκτος πυρήνας</subfield>
  </datafield>
  <datafield tag="650" ind1=" " ind2="0">
   <subfield code="a">Architectural acoustics</subfield>
   <subfield code="8">2289</subfield>
  </datafield>
  <datafield tag="653" ind1=" " ind2=" ">
   <subfield code="a">Αίθουσες ακροατηρίου</subfield>
  </datafield>
  <datafield tag="653" ind1=" " ind2=" ">
   <subfield code="a">Ακουστική</subfield>
  </datafield>
  <datafield tag="653" ind1=" " ind2=" ">
   <subfield code="a">Ψυχολογία</subfield>
  </datafield>
  <datafield tag="653" ind1=" " ind2=" ">
   <subfield code="a">Φυσική</subfield>
   <subfield code="a">Ηλεκτρομαγνητισμός, οπτική, ακουστική, μεταφορά θερμότητας, κλασική μηχανική,  ρευστοδυναμική</subfield>
   <subfield code="a">Ακουστική</subfield>
   <subfield code="a">Φωνή και επεξεργασία φωνής</subfield>
  </datafield>
  <datafield tag="653" ind1=" " ind2=" ">
   <subfield code="a">Φυσική</subfield>
   <subfield code="a">Ηλεκτρομαγνητισμός, οπτική, ακουστική, μεταφορά θερμότητας, κλασική μηχανική,  ρευστοδυναμική</subfield>
   <subfield code="a">Ακουστική</subfield>
   <subfield code="a">Ακουστικές μετρήσεις, όργανα και επεξεργασία ακουστικού σήματος</subfield>
  </datafield>
  <datafield tag="653" ind1=" " ind2=" ">
   <subfield code="a">Φυσική</subfield>
   <subfield code="a">Ηλεκτρομαγνητισμός, οπτική, ακουστική, μεταφορά θερμότητας, κλασική μηχανική,  ρευστοδυναμική</subfield>
   <subfield code="a">Ακουστική</subfield>
  </datafield>
  <datafield tag="653" ind1=" " ind2=" ">
   <subfield code="a">Ψυχολογία</subfield>
  </datafield>
  <datafield tag="700" ind1="1" ind2=" ">
   <subfield code="a">Καμπουράκης, Γεώργιος</subfield>
   <subfield code="e">Κριτικός αναγνώστης</subfield>
   <subfield code="8">1676</subfield>
  </datafield>
  <datafield tag="856" ind1="4" ind2="0">
   <subfield code="u">http://hdl.handle.net/11419/5850</subfield>
   <subfield code="z">Πλήρες Κείμενο - Full text</subfield>
  </datafield>
  <datafield tag="907" ind1=" " ind2=" ">
   <subfield code="a">.b25679806</subfield>
   <subfield code="b">12-06-18</subfield>
   <subfield code="c">29-07-16</subfield>
  </datafield>
  <datafield tag="949" ind1=" " ind2=" ">
   <subfield code="0">0</subfield>
   <subfield code="1">0</subfield>
   <subfield code="2">ddc</subfield>
   <subfield code="4">0</subfield>
   <subfield code="6">729_000000000000000_ΣΩΤ</subfield>
   <subfield code="7">0</subfield>
   <subfield code="8">KALL</subfield>
   <subfield code="8">739</subfield>
   <subfield code="d">2016-04-13</subfield>
   <subfield code="r">2016-04-13</subfield>
   <subfield code="w">2016-04-13</subfield>
   <subfield code="z">729 ΣΩΤ</subfield>
   <subfield code="o">SEAB KALLIPOS</subfield>
  </datafield>
  <datafield tag="998" ind1=" " ind2=" ">
   <subfield code="a">80</subfield>
   <subfield code="a">01</subfield>
   <subfield code="a">02</subfield>
   <subfield code="a">03</subfield>
   <subfield code="a">04</subfield>
   <subfield code="a">05</subfield>
   <subfield code="a">06</subfield>
   <subfield code="a">07</subfield>
   <subfield code="a">08</subfield>
   <subfield code="a">09</subfield>
   <subfield code="a">10</subfield>
   <subfield code="a">11</subfield>
   <subfield code="a">12</subfield>
   <subfield code="a">13</subfield>
   <subfield code="a">14</subfield>
   <subfield code="a">15</subfield>
   <subfield code="a">16</subfield>
   <subfield code="a">17</subfield>
   <subfield code="a">18</subfield>
   <subfield code="a">19</subfield>
   <subfield code="a">20</subfield>
   <subfield code="a">21</subfield>
   <subfield code="a">22</subfield>
   <subfield code="a">23</subfield>
   <subfield code="a">24</subfield>
   <subfield code="a">25</subfield>
   <subfield code="a">26</subfield>
   <subfield code="b">16-05-17</subfield>
   <subfield code="c">m</subfield>
   <subfield code="d">z  </subfield>
   <subfield code="e">-</subfield>
   <subfield code="f">gre</subfield>
   <subfield code="g">gr </subfield>
   <subfield code="h">0</subfield>
  </datafield>
  <datafield tag="942" ind1=" " ind2=" ">
   <subfield code="2">ddc</subfield>
   <subfield code="c">KALLIPOS</subfield>
  </datafield>
 </record>
</collection>
